Кафедра техники разведки месторождений полезных ископаемых: альбом в ознаменование 60-летия с начала занятий в институте

التفاصيل البيبلوغرافية
مؤلف مشترك: Томский политехнический институт (ТПИ)
الملخص:Рукописный альбом фотографий по истории кафедры.
اللغة:الروسية
منشور في: Томск, Изд-во ТПИ, 1960
الموضوعات:
التنسيق: MixedMaterials كتاب
KOHA link:https://koha.lib.tpu.ru/cgi-bin/koha/opac-detail.pl?biblionumber=173252

MARC

LEADER 00000nam0a2200000 4500
001 173252
005 20231031164452.0
035 |a (RuTPU)RU\TPU\book\187912 
090 |a 173252 
100 |a 20091222d1960 m y0rusy50 ca 
101 0 |a rus 
102 |a RU 
105 |a c z 010zy 
200 1 |a Кафедра техники разведки месторождений полезных ископаемых  |e альбом в ознаменование 60-летия с начала занятий в институте  |f Томский политехнический институт (ТПИ) 
210 |a Томск  |c Изд-во ТПИ  |d 1960 
215 |a [23 ] с.  |c портр. 
300 |a Рукописный альбом фотографий по истории кафедры. 
610 1 |a кафедры 
610 1 |a Томский политехнический институт 
610 1 |a месторождения полезных ископаемых 
610 1 |a техника 
610 1 |a разведка 
610 1 |a альбомы 
610 1 |a история 
610 1 |a развитие 
610 1 |a структура 
610 1 |a материальная база 
610 1 |a выпускники 
610 1 |a дисциплины 
610 1 |a научно-исследовательская работа 
610 1 |a связь с производством 
675 |a 378  |v 3 
686 |a Ч611  |v LBC/SL-A  |2 rubbk 
712 0 2 |a Томский политехнический институт (ТПИ)  |c (1944-1991)  |2 stltpush  |3 (RuTPU)RU\TPU\col\1123 
801 1 |a RU  |b 63413507  |c 20091222 
801 2 |a RU  |b 63413507  |c 20170324  |g RCR 
942 |c BK